[Event "World Blitz 2015"]
[Site "Berlin GER"]
[Date "2015.10.13"]
[Round "1.57"]
[White "Valdes Romero, Leonardo"]
[Black "Vitiugov, Nikita"]
[Result "0-1"]
[WhiteTitle "IM"]
[BlackTitle "GM"]
[WhiteElo "2362"]
[BlackElo "2725"]
[WhiteFideId "6500331"]
[BlackFideId "4152956"]
[EventDate "2015.10.13"]

1. Nf3 d5 2. g3 Nc6 3. Bg2 e5 4. d3 Nf6 5. O-O Be7 6. c3 a5 7. Qc2 O-O 8. Nbd2
b6 9. b3 Re8 10. e4 Ba6 11. exd5 Nxd5 12. Bb2 Qd7 13. Rfe1 Bf8 14. a3 Nde7 15.
Nc4 f6 16. Rad1 Rad8 17. h4 Qf5 18. Qe2 Qe6 19. Kh2 Qf7 20. Nfd2 Bc8 21. b4 axb4
22. axb4 Bf5 23. Ne4 Be6 24. Ned2 Bd5 25. Be4 Bxe4 26. dxe4 Nc8 27. b5 N6e7 28.
Ne3 Nd6 29. c4 Ra8 30. Ra1 g6 31. Nd5 Nxd5 32. cxd5 Bh6 33. Nc4 Nxb5 34. Nxe5
fxe5 35. Qxb5 Qxf2+ 36. Kh3 Bg7 37. Rf1 Qc5 38. Qxc5 bxc5 39. Rac1 Bf8 40. Rf6
Bd6 41. Rf2 Ra4 42. Re2 Ra2 43. Rcc2 Rb8 44. Kg4 Rb3 45. Bc1 Rxc2 46. Rxc2 h5+
47. Kh3 Rb4 48. Re2 c4 49. Kg2 c3 50. Kf3 Kf7 51. Rc2 Rc4 52. Ke3 Bc5+ 53. Kf3
Bd4 54. Ke2 Ra4 55. Kd3 Ke7 56. Bg5+ Kd6 57. Bh6 Ra8 58. Be3 Bxe3 59. Kxe3 Ra3
60. Kd3 c6 61. dxc6 Kxc6 62. Kc4 Ra4+ 63. Kd3 Ra3 64. Kc4 Ra4+ 65. Kd3 Rd4+ 66.
Ke3 Rc4 67. Kd3 Kb5 68. Rxc3 Rxc3+ 69. Kxc3 Kc5 70. Kd3 Kb4 71. Kd2 Kc4 72. Ke3
Kc3 73. Kf3 Kd3 74. g4 Kd4 75. gxh5 gxh5 76. Kf2 Kxe4 77. Ke2 Kf4 78. Kf2 Kg4
79. Ke3 Kxh4 0-1

[Event "World Blitz 2015"]
[Site "Berlin GER"]
[Date "2015.10.13"]
[Round "1.59"]
[White "Hausrath, Daniel"]
[Black "Bacrot, Etienne"]
[Result "1-0"]
[WhiteTitle "GM"]
[BlackTitle "GM"]
[WhiteElo "2503"]
[BlackElo "2697"]
[WhiteFideId "4617495"]
[BlackFideId "605506"]
[EventDate "2015.10.13"]

1. Nf3 Nf6 2. g3 g6 3. Bg2 Bg7 4. O-O O-O 5. d4 c5 6. c3 Na6 7. Re1 d6 8. e4 Bg4
9. h3 Bxf3 10. Bxf3 Nd7 11. Na3 cxd4 12. cxd4 Nb6 13. Bg5 Rc8 14. Qd2 Nc4 15.
Nxc4 Rxc4 16. e5 dxe5 17. dxe5 Qxd2 18. Bxd2 Nc5 19. Bc3 Na4 20. Bxb7 Nxc3 21.
bxc3 Rxc3 22. Re2 Rd8 23. Rb1 e6 24. Kg2 h5 25. h4 Ra3 26. Be4 Bf8 27. Rb3 Ra5
28. f4 Bc5 29. Rc2 Bb6 30. Rd3 Rxd3 31. Bxd3 Ra3 32. Bb5 Kg7 33. Be2 Ra4 34. Bb5
Rd4 35. Be2 Rd8 36. Kf3 Kf8 37. Bc4 Rd1 38. Be2 Ke7 39. Bxd1 1-0

[Event "World Blitz 2015"]
[Site "Berlin GER"]
[Date "2015.10.13"]
[Round "1.60"]
[White "Jumabayev, Rinat"]
[Black "Riff, Jean-Noel"]
[Result "1-0"]
[WhiteTitle "GM"]
[BlackTitle "GM"]
[WhiteElo "2606"]
[BlackElo "2499"]
[WhiteFideId "13702661"]
[BlackFideId "611190"]
[EventDate "2015.10.13"]

1. d4 Nf6 2. c4 e6 3. Nf3 Bb4+ 4. Bd2 a5 5. g3 d6 6. Bg2 Nbd7 7. O-O e5 8. Bg5
exd4 9. Nxd4 h6 10. Bf4 O-O 11. Qc2 Bc5 12. Rd1 Re8 13. Nc3 Nf8 14. Nb3 Ne6 15.
Nxc5 Nxc5 16. h3 Qe7 17. Be3 Nce4 18. Bd4 Ng5 19. Bxf6 Qxf6 20. Nd5 Qd8 21. Nf4
Qe7 22. h4 Ne6 23. Nd5 Qd8 24. b3 Bd7 25. a3 Bc6 26. e3 Nc5 27. Rab1 Qd7 28. Rd4
Ne6 29. Rd2 b6 30. Qc3 Nc5 31. Rd4 Rad8 32. b4 axb4 33. axb4 Ne6 34. Rd2 Kh8 35.
Rbd1 Ba4 36. Rc1 Bc6 37. Qb2 Ra8 38. Bh3 Qc8 39. c5 bxc5 40. bxc5 Bxd5 41. Rxd5
dxc5 42. Rdxc5 Ra7 43. Rc6 Qa8 44. Qe5 Ng5 45. Rxh6+ Kg8 46. Qxg5 Ra5 47. Qg4
Ra1 48. Rc6 Qxc6 49. Rxa1 Qf6 50. Rf1 Qe5 51. Bg2 c5 52. Rc1 Rd8 53. Qc4 Rc8 54.
Bf3 Qd6 55. Kg2 1-0

[Event "World Blitz 2015"]
[Site "Berlin GER"]
[Date "2015.10.13"]
[Round "1.61"]
[White "Pavlovic, Milos"]
[Black "Anton Guijarro, David"]
[Result "0-1"]
[WhiteTitle "GM"]
[BlackTitle "GM"]
[WhiteElo "2481"]
[BlackElo "2634"]
[WhiteFideId "900389"]
[BlackFideId "2285525"]
[EventDate "2015.10.13"]

1. Nf3 Nf6 2. c4 e6 3. b3 d5 4. Bb2 Be7 5. g3 O-O 6. Bg2 c6 7. O-O Nbd7 8. d3 h6
9. Nbd2 a5 10. a3 b6 11. e4 Bb7 12. Qe2 Rc8 13. Rfd1 Qc7 14. Rac1 Qb8 15. h3
Rfe8 16. e5 Nh7 17. d4 c5 18. cxd5 Bxd5 19. dxc5 Nxc5 20. Nd4 Bxg2 21. Kxg2 Red8
22. h4 Nf8 23. N2f3 Qb7 24. Kg1 Rd5 25. a4 Rcd8 26. Ba3 Nxb3 27. Bxe7 Nxd4 28.
Nxd4 Qxe7 29. Nc6 Rxd1+ 30. Rxd1 Rxd1+ 31. Qxd1 Qc7 32. Qd6 Qxd6 33. exd6 f6 34.
f4 Kf7 35. Nd4 Ke8 36. f5 Kd7 37. fxe6+ Nxe6 38. Nf5 h5 39. Kf2 g6 40. Ne3 Kxd6
41. Kf3 Nc5 42. Nc4+ Kc6 43. Nb2 b5 44. axb5+ Kxb5 45. Kf4 a4 46. Nxa4 Kxa4 47.
g4 Ne6+ 48. Kf3 f5 49. gxh5 gxh5 0-1

[Event "World Blitz 2015"]
[Site "Berlin GER"]
[Date "2015.10.13"]
[Round "1.62"]
[White "Sumets, Andrey"]
[Black "Demuth, Adrien"]
[Result "1/2-1/2"]
[WhiteTitle "GM"]
[BlackTitle "GM"]
[WhiteElo "2583"]
[BlackElo "2545"]
[WhiteFideId "14105500"]
[BlackFideId "642274"]
[EventDate "2015.10.13"]

1. d4 d5 2. c4 e6 3. Nf3 c5 4. cxd5 exd5 5. g3 Nf6 6. Bg2 Be7 7. O-O O-O 8. dxc5
Bxc5 9. a3 Ne4 10. b4 Be7 11. Bb2 Bf6 12. Bxf6 Qxf6 13. Qd4 Nc6 14. Qxf6 Nxf6
15. Nc3 Be6 16. Rfd1 Rfd8 17. Nd4 Rac8 18. Nxc6 Rxc6 19. Nb5 a6 20. Nd4 Rc4 21.
e3 Kf8 22. Rac1 Rdc8 23. Rxc4 Rxc4 24. h3 Ke7 25. g4 Rc3 26. a4 Rc4 27. Rb1 Ne4
28. Bf1 Nd2 29. Rb2 Nxf1 30. Kxf1 h5 31. f3 hxg4 32. hxg4 Kd6 33. Ke2 Bd7 34. a5
g6 35. Kd3 f5 36. g5 Bb5 37. Kd2 f4 38. Ne2 fxe3+ 39. Kxe3 Rh4 40. Nd4 Ke5 41.
Rd2 Bc4 42. Rd1 Ba2 43. f4+ Rxf4 44. Nf3+ Kf5 45. Nd4+ Ke5 46. Nf3+ Kf5 47. Nd4+
Ke5 48. Nf3+ 1/2-1/2

[Event "World Blitz 2015"]
[Site "Berlin GER"]
[Date "2015.10.13"]
[Round "1.64"]
[White "Kasimdzhanov, Rustam"]
[Black "Przybylski, Wojciech"]
[Result "1-0"]
[WhiteTitle "GM"]
[BlackTitle "FM"]
[WhiteElo "2704"]
[BlackElo "2354"]
[WhiteFideId "14200244"]
[BlackFideId "1117599"]
[EventDate "2015.10.13"]

1. e4 e5 2. Nf3 Nf6 3. Nxe5 d6 4. Nf3 Nxe4 5. Nc3 Nxc3 6. dxc3 Be7 7. Be3 Nc6 8.
Qd2 Ne5 9. O-O-O O-O 10. Kb1 c6 11. Be2 Re8 12. h4 Ng4 13. Bd3 h6 14. Rhe1 Bf8
15. Bf4 d5 16. Rxe8 Qxe8 17. Re1 Qd8 18. g3 Bd7 19. Nd4 c5 20. Nf3 Be6 21. Bf1
Qb6 22. Bh3 Bd6 23. Rxe6 fxe6 24. Bxg4 Bxf4 25. Qxf4 Rf8 26. Qe3 Rf6 27. Ne5 Qd6
28. f4 d4 29. cxd4 cxd4 30. Qe4 b6 31. a3 Qc7 32. Nd3 Qd6 33. Ne5 a5 34. Be2 Rf8
35. Bd3 Rf5 36. g4 Rf6 37. Qh7+ Kf8 38. Qh8+ 1-0

[Event "World Blitz 2015"]
[Site "Berlin GER"]
[Date "2015.10.13"]
[Round "1.65"]
[White "Ernst, Sipke"]
[Black "Kravtsiv, Martyn"]
[Result "0-1"]
[WhiteTitle "GM"]
[BlackTitle "GM"]
[WhiteElo "2527"]
[BlackElo "2621"]
[WhiteFideId "1004689"]
[BlackFideId "14113147"]
[EventDate "2015.10.13"]

1. g3 Nf6 2. Bg2 d5 3. c4 e6 4. Nf3 Be7 5. O-O O-O 6. b3 c5 7. e3 Nc6 8. Qe2 b6
9. Bb2 Bb7 10. Rd1 dxc4 11. bxc4 Qc7 12. Nc3 a6 13. Rab1 Rfd8 14. d3 Na7 15. Ba1
Bc6 16. a4 Rac8 17. e4 Nd7 18. Nd5 exd5 19. exd5 Bf6 20. Bxf6 Nxf6 21. dxc6 Nxc6
22. Qb2 Rb8 23. d4 cxd4 24. Nxd4 Ne5 25. Qe2 Re8 26. Rbc1 g6 27. a5 bxa5 28. c5
Nfd7 29. c6 Nf6 30. Qxa6 Ra8 31. Qe2 Neg4 32. Qb2 Rab8 33. Qc3 a4 34. Ra1 Ne4
35. Bxe4 Rxe4 36. Rxa4 Rd8 37. Qa1 Ne5 38. Nb5 Rxd1+ 39. Qxd1 Qxc6 40. Rxe4 Qxe4
41. Nd6 Qc6 42. h4 Nf3+ 43. Kf1 h5 44. Qd3 Qc1+ 45. Ke2 Ng1# 0-1

[Event "World Blitz 2015"]
[Site "Berlin GER"]
[Date "2015.10.13"]
[Round "1.66"]
[White "Romanov, Evgeny"]
[Black "Hirneise, Tobias"]
[Result "1/2-1/2"]
[WhiteTitle "GM"]
[BlackTitle "IM"]
[WhiteElo "2573"]
[BlackElo "2457"]
[WhiteFideId "4148843"]
[BlackFideId "24600881"]
[EventDate "2015.10.13"]

1. c4 c5 2. Nf3 Nc6 3. d4 cxd4 4. Nxd4 Nf6 5. Nc3 e6 6. Bf4 Bc5 7. Ndb5 e5 8.
Bg3 O-O 9. e3 a6 10. Nd6 Qa5 11. Be2 Bxd6 12. Qxd6 Ne4 13. Qd3 Nxc3 14. bxc3 d6
15. O-O Be6 16. Rfb1 Qc7 17. Bf3 Na5 18. Bd5 Rab8 19. Rb4 Nc6 20. Rb2 Na5 21.
Rb4 Nc6 22. Rb2 Na5 23. Rb4 1/2-1/2

[Event "World Blitz 2015"]
[Site "Berlin GER"]
[Date "2015.10.13"]
[Round "1.67"]
[White "Teske, Henrik"]
[Black "Lenic, Luka"]
[Result "0-1"]
[WhiteTitle "GM"]
[BlackTitle "GM"]
[WhiteElo "2475"]
[BlackElo "2639"]
[WhiteFideId "4611500"]
[BlackFideId "14603853"]
[EventDate "2015.10.13"]

1. d4 Nf6 2. Nf3 e6 3. g3 b5 4. Bg2 Bb7 5. O-O Be7 6. Bg5 O-O 7. Nbd2 d5 8. c3
Nbd7 9. Qc2 c5 10. a4 a6 11. axb5 axb5 12. dxc5 Nxc5 13. Rxa8 Qxa8 14. Nd4 Qa6
15. N2b3 Na4 16. Ra1 h6 17. Bf4 Nd7 18. Be3 Ne5 19. Nd2 Qa5 20. Nxb5 Qxb5 21.
Qxa4 Qxe2 22. Qd4 Bf6 23. Qb6 Ba8 24. Bf1 Qh5 25. h3 d4 26. cxd4 Nf3+ 27. Nxf3
Qxf3 28. Rxa8 Qxa8 29. b4 Rb8 30. Qc5 Rc8 31. Qd6 Rd8 32. Qc5 Qd5 33. Bg2 Qd6
34. b5 Bxd4 35. Bxd4 Qxd4 36. Qc6 Qd6 37. Qc4 Qd1+ 38. Bf1 Qd4 39. Qc6 Qd5 40.
Qc3 Qd4 41. Qc6 Rb8 42. Qf3 Qb6 43. Qe4 Rd8 44. Qc4 h5 45. h4 g6 46. Qe4 Rd2 47.
Qf4 Qd4 48. Qf3 Kg7 49. Kg2 Qd5 50. Qxd5 Rxd5 51. Kf3 Kf6 52. Ke4 Ke7 53. Bc4
Rd8 54. Ke3 Kd6 55. Ke4 Kc5 56. Bf1 Rd5 57. Kf4 Rd2 58. Ke3 Rb2 59. Bd3 Kd6 60.
Bf1 f5 61. f3 e5 62. Bc4 Rg2 63. Bf1 Rxg3 64. Kf2 f4 65. Bd3 g5 66. hxg5 Rxg5 0-1

[Event "World Blitz 2015"]
[Site "Berlin GER"]
[Date "2015.10.13"]
[Round "1.68"]
[White "Bartel, Mateusz"]
[Black "Thiede, Lars"]
[Result "1-0"]
[WhiteTitle "GM"]
[BlackTitle "IM"]
[WhiteElo "2622"]
[BlackElo "2437"]
[WhiteFideId "1112635"]
[BlackFideId "4607759"]
[EventDate "2015.10.13"]

1. e4 g6 2. d4 Bg7 3. Nf3 d6 4. Bc4 c6 5. Bb3 Nf6 6. Qe2 O-O 7. h3 a5 8. a4 Nfd7
9. O-O e5 10. c3 Na6 11. Rd1 exd4 12. cxd4 Nb4 13. Nc3 Qe7 14. Bg5 Bf6 15. h4
Nb6 16. Bxf6 Qxf6 17. e5 Qe7 18. Ne4 dxe5 19. dxe5 Be6 20. Qe3 Bxb3 21. Qxb3
N6d5 22. h5 Kg7 23. Re1 Rae8 24. Nd6 Rd8 25. Qc4 Rd7 26. Rad1 h6 27. Qg4 Qe6 28.
Qg3 g5 29. Nd4 Rxd6 30. Nxe6+ Rxe6 31. Re4 Rfe8 32. f4 f6 33. exf6+ Nxf6 34.
Rxe6 Rxe6 35. fxg5 Ne4 36. gxh6+ Kxh6 37. Qf4+ Kxh5 38. g4+ Kh4 39. Kg2 1-0

[Event "World Blitz 2015"]
[Site "Berlin GER"]
[Date "2015.10.13"]
[Round "1.70"]
[White "Zhang, Zhong"]
[Black "Carow, Johannes"]
[Result "1-0"]
[WhiteTitle "GM"]
[BlackTitle "FM"]
[WhiteElo "2619"]
[BlackElo "2431"]
[WhiteFideId "8600694"]
[BlackFideId "24692050"]
[EventDate "2015.10.13"]

1. e4 c5 2. Nf3 Nc6 3. Bb5 g6 4. Bxc6 dxc6 5. d3 Bg7 6. O-O e5 7. h3 Ne7 8. a3
O-O 9. b4 cxb4 10. axb4 h6 11. Bb2 Qd6 12. Nbd2 b5 13. Nb3 f5 14. d4 fxe4 15.
Nxe5 Nd5 16. c4 bxc4 17. Nxc4 Qxb4 18. Nca5 e3 19. Ba3 Qb5 20. fxe3 Rxf1+ 21.
Qxf1 Qxf1+ 22. Rxf1 Nxe3 23. Re1 Nc2 24. Re8+ Kf7 25. Re7+ Kf6 26. Bc5 Bf8 27.
Rc7 Bxc5 28. Rxc6+ Kg7 29. dxc5 Bf5 30. Rc7+ Kf6 31. c6 Ke5 32. Nc5 Kd6 33. Na6
Nb4 34. Nb7+ Kd5 35. Nxb4+ Kc4 36. Na6 Kb5 37. Nbc5 Kb6 38. Rh7 Kxc6 39. Rxh6
Kb6 40. g4 Bc2 41. Nb4 Bb1 42. Nb3 Kb5 43. Nd2 Kxb4 44. Nxb1 a5 45. Rxg6 a4 46.
Rb6+ Kc4 47. Kg2 Kd3 48. Kg3 a3 49. Nxa3 Rxa3 50. Kh4 Ke4 51. Rf6 Ke5 52. g5 Rb3
53. Kg4 Rb4+ 54. Kh5 Rb3 55. h4 Rb8 56. Rf7 Rh8+ 57. Kg4 Ke6 58. g6 Rg8 59. h5 1-0

[Event "World Blitz 2015"]
[Site "Berlin GER"]
[Date "2015.10.13"]
[Round "1.72"]
[White "Vallejo Pons, Francisco"]
[Black "Polzin, Rainer"]
[Result "1-0"]
[WhiteTitle "GM"]
[BlackTitle "GM"]
[WhiteElo "2684"]
[BlackElo "2416"]
[WhiteFideId "2205530"]
[BlackFideId "4610741"]
[EventDate "2015.10.13"]

1. e4 g6 2. d4 Bg7 3. Nc3 d6 4. Be3 a6 5. Qd2 b5 6. f3 Nd7 7. h4 h5 8. Nh3 Ngf6
9. Ng5 O-O 10. Be2 c5 11. a3 cxd4 12. Bxd4 Bb7 13. g4 Rc8 14. gxh5 Nxh5 15. Bxg7
Kxg7 16. O-O-O Qa5 17. Kb1 Ne5 18. f4 Nc4 19. Bxc4 Rxc4 20. f5 Rxc3 21. bxc3 Rc8
22. fxg6 f6 23. Ne6+ Kg8 24. Qh6 1-0

[Event "World Blitz 2015"]
[Site "Berlin GER"]
[Date "2015.10.13"]
[Round "1.73"]
[White "Hilverda, Alexander"]
[Black "Bachmann, Axel"]
[Result "0-1"]
[BlackTitle "GM"]
[WhiteElo "2384"]
[BlackElo "2593"]
[WhiteFideId "4695437"]
[BlackFideId "3700488"]
[EventDate "2015.10.13"]

1. d4 g6 2. c4 Bg7 3. Nf3 d6 4. Nc3 Nf6 5. e4 O-O 6. Be2 Bg4 7. Be3 Nfd7 8. Rc1
e5 9. d5 a5 10. a3 Na6 11. Ng1 Bxe2 12. Ngxe2 f5 13. f3 Bh6 14. Bxh6 Qh4+ 15.
Ng3 Qxh6 16. O-O f4 17. Nh1 g5 18. Nf2 Qg7 19. Qe2 h5 20. h3 Nac5 21. Nd3 Nb3
22. Qd1 Nxc1 23. Qxc1 g4 24. hxg4 hxg4 25. fxg4 Nf6 26. Nf2 Nxg4 27. Nxg4 Qxg4
28. Rf3 Rf7 29. Qd2 Raf8 30. b4 axb4 31. axb4 Rg7 32. Qf2 Ra8 33. Kh2 Ra3 34.
Rh3 Qg3+ 0-1

[Event "World Blitz 2015"]
[Site "Berlin GER"]
[Date "2015.10.13"]
[Round "1.74"]
[White "Safarli, Eltaj"]
[Black "Ladva, Ottomar"]
[Result "1-0"]
[WhiteTitle "GM"]
[BlackTitle "IM"]
[WhiteElo "2657"]
[BlackElo "2423"]
[WhiteFideId "13402129"]
[BlackFideId "4500024"]
[EventDate "2015.10.13"]

1. e4 c5 2. Nf3 e6 3. Nc3 a6 4. g3 Nc6 5. Bg2 d6 6. O-O Nf6 7. d4 cxd4 8. Nxd4
Bd7 9. Nxc6 Bxc6 10. a4 Be7 11. a5 O-O 12. Be3 Nd7 13. Na4 Nc5 14. Nb6 Rb8 15.
Bxc5 dxc5 16. e5 Bxg2 17. Kxg2 Qxd1 18. Rfxd1 Rfd8 19. Kf3 g6 20. Ke4 h5 21. f4
Kg7 22. h3 f5+ 23. exf6+ Bxf6 24. c3 Kf7 25. Rd7+ Rxd7 26. Nxd7 Rc8 27. Rd1 Ke7
28. Nxf6 Kxf6 29. Rd7 Rb8 30. Rd6 Rc8 31. g4 hxg4 32. hxg4 Rc7 33. f5 gxf5+ 34.
gxf5 c4 35. Rxe6+ Kf7 36. Rb6 Rc5 37. Rxb7+ Kf8 38. Rb4 Kf7 39. Ra4 Kf6 40. Kd4
Rxf5 41. Kxc4 Ke5 42. Kc5 Ke6+ 43. Kb6 Rb5+ 44. Kxa6 Rxb2 45. Rb4 Rc2 46. Kb7
Rxc3 47. a6 Kd6 48. a7 Rc7+ 49. Kb8 1-0

[Event "World Blitz 2015"]
[Site "Berlin GER"]
[Date "2015.10.13"]
[Round "1.75"]
[White "Berend, Elvira"]
[Black "Hjartarson, Johann"]
[Result "1/2-1/2"]
[WhiteTitle "WGM"]
[BlackTitle "GM"]
[WhiteElo "2370"]
[BlackElo "2529"]
[WhiteFideId "4000510"]
[BlackFideId "2300044"]
[EventDate "2015.10.13"]

1. d4 Nf6 2. c4 e6 3. Nc3 Bb4 4. a3 Bxc3+ 5. bxc3 c5 6. e3 b6 7. Bd3 O-O 8. Ne2
d6 9. O-O Nc6 10. Ng3 e5 11. d5 Ne7 12. f4 exf4 13. exf4 Ng6 14. f5 Ne5 15. Bg5
Ned7 16. Qd2 Re8 17. Nh5 h6 18. Bh4 Ne4 19. Qf4 Ng5 20. f6 Ne5 21. Bxg5 Nxd3 22.
Qg3 g6 23. Bxh6 Ne5 24. Ng7 Rf8 25. Nf5 Bxf5 26. Rxf5 Re8 27. Rff1 Qd7 28. h3
Qa4 29. Rf4 Qc2 30. Bg7 g5 31. Qxg5 Qg6 32. Qh4 Qh7 33. Qg3 Ng6 34. Rg4 Re5 35.
Rf1 Rae8 36. Kh2 Qh5 37. Rff4 Re3 38. Rh4 Rxg3 39. Rxh5 Rxg2+ 40. Kh1 Re1+ 41.
Kxg2 Nxf4+ 42. Kf2 Nxh5 43. Kxe1 Kh7 44. Kf2 Kg6 45. Kf3 Kf5 46. h4 Nf4 47. Bf8
Ng6 48. Bxd6 Nxh4+ 49. Ke3 Kxf6 50. Bb8 a6 51. Ba7 b5 52. Bxc5 Nf5+ 53. Kd3 Ke5
54. Bf2 bxc4+ 55. Kxc4 Nd6+ 56. Kd3 Kxd5 57. a4 Nc4 58. Kc2 f5 59. Kb3 f4 60.
Kb4 f3 61. Bg1 Nd6 62. Ka5 Kc4 63. Kxa6 Kxc3 64. a5 Nc4 65. Kb5 Nxa5 66. Kxa5
Kd3 1/2-1/2

[Event "World Blitz 2015"]
[Site "Berlin GER"]
[Date "2015.10.13"]
[Round "1.76"]
[White "Petrosian, Tigran L."]
[Black "Pham, Le Thao Nguyen"]
[Result "1-0"]
[WhiteTitle "GM"]
[BlackTitle "IM"]
[WhiteElo "2625"]
[BlackElo "2319"]
[WhiteFideId "13301616"]
[BlackFideId "12401226"]
[EventDate "2015.10.13"]

1. Nf3 d5 2. g3 c6 3. Bg2 Bf5 4. O-O Nf6 5. d3 e6 6. Nh4 Bg6 7. Nd2 Be7 8. Nxg6
hxg6 9. e4 Nbd7 10. Qe2 Qc7 11. a4 a5 12. b3 Bc5 13. Bb2 Qb6 14. Nf3 O-O 15. e5
Nh7 16. h4 Rfd8 17. Rab1 Be7 18. Ba1 Qc7 19. Nh2 Rac8 20. h5 gxh5 21. Qxh5 Ndf8
22. f4 g6 23. Qh3 d4 24. Ng4 c5 25. Kf2 f5 26. exf6 Nxf6 27. Ne5 Bd6 28. Rbe1
Re8 29. Rh1 N6h7 30. Nf3 Qg7 31. Ke2 b6 32. Kd1 Rc7 33. Bb2 Rf7 34. Bc1 Rf5 35.
Nh4 Rf7 36. Bc6 Ree7 37. Bb5 Qf6 38. Bc4 Kg7 39. Nf3 Qf5 40. Qh6+ Kg8 41. Ng5
Qg4+ 42. Re2 Rg7 43. Ne4 Bc7 44. Qh2 Nd7 45. Qg2 Ndf6 46. Nf2 Qf5 47. g4 1-0

[Event "World Blitz 2015"]
[Site "Berlin GER"]
[Date "2015.10.13"]
[Round "1.77"]
[White "Van Foreest, Jorden"]
[Black "Grandelius, Nils"]
[Result "1/2-1/2"]
[WhiteTitle "IM"]
[BlackTitle "GM"]
[WhiteElo "2548"]
[BlackElo "2647"]
[WhiteFideId "1039784"]
[BlackFideId "1710400"]
[EventDate "2015.10.13"]

1. d4 d5 2. Nc3 c5 3. Nf3 cxd4 4. Qxd4 Nc6 5. Qxd5 Bg4 6. e4 e6 7. Qxd8+ Rxd8 8.
Bb5 Bb4 9. O-O Bxf3 10. gxf3 Ne7 11. Be3 a6 12. Bxc6+ Nxc6 13. Na4 f5 14. Rad1
Kf7 15. c3 Be7 16. Bb6 Rxd1 17. Rxd1 Ne5 18. Kg2 Rc8 19. Bd4 Ng6 20. Kf1 b5 21.
Nb6 Rd8 22. exf5 exf5 23. Re1 Nh4 24. Re5 Bf6 25. Rd5 Rxd5 26. Nxd5 Bxd4 27.
cxd4 Nxf3 28. Nc7 Nxd4 29. Nxa6 g5 30. b3 Ke6 31. Nc5+ Kd5 32. Nd3 Ke4 33. Nc5+
Kd5 34. Nd3 Ke4 35. Nc5+ Kd5 1/2-1/2

[Event "World Blitz 2015"]
[Site "Berlin GER"]
[Date "2015.10.13"]
[Round "1.78"]
[White "Sasikiran, Krishnan"]
[Black "Tari, Aryan"]
[Result "1-0"]
[WhiteTitle "GM"]
[BlackTitle "IM"]
[WhiteElo "2639"]
[BlackElo "2521"]
[WhiteFideId "5004985"]
[BlackFideId "1510045"]
[EventDate "2015.10.13"]

1. d4 Nf6 2. c4 e6 3. Nc3 Bb4 4. Bg5 d5 5. cxd5 exd5 6. e3 h6 7. Bh4 c5 8. Bd3
Nc6 9. Ne2 c4 10. Bc2 g5 11. Bg3 Qe7 12. O-O O-O 13. a3 Bd6 14. Bxd6 Qxd6 15. f3
Re8 16. Qd2 Bd7 17. Rad1 Rad8 18. h3 Nh5 19. e4 dxe4 20. fxe4 Be6 21. Qe3 Nf4
22. e5 Nxe2+ 23. Qxe2 Qe7 24. Qf2 Bc8 25. Ne4 Kf8 26. Nf6 Qe6 27. d5 Qxe5 28.
Nxe8 Qxe8 29. dxc6 Rxd1 30. Bxd1 bxc6 31. Qf6 Qe3+ 32. Kh1 Be6 33. Bh5 1-0

[Event "World Blitz 2015"]
[Site "Berlin GER"]
[Date "2015.10.13"]
[Round "1.79"]
[White "Carstensen, Jacob"]
[Black "Perunovic, Milos"]
[Result "0-1"]
[WhiteTitle "IM"]
[BlackTitle "GM"]
[WhiteElo "2352"]
[BlackElo "2622"]
[WhiteFideId "1404180"]
[BlackFideId "921629"]
[EventDate "2015.10.13"]

1. d4 Nf6 2. c4 c5 3. d5 b5 4. cxb5 a6 5. b6 d6 6. Nc3 Nbd7 7. e4 g6 8. Nf3 Bg7
9. Be2 Rb8 10. O-O O-O 11. Nd2 Nxb6 12. a4 Nfd7 13. a5 Na8 14. Nc4 Nc7 15. Na4
Nb5 16. Nab6 Bb7 17. Kh1 f5 18. exf5 Nxb6 19. Nxb6 Rxf5 20. Bg4 Rf8 21. Nd7 Nd4
22. Nxb8 Qxb8 23. Be6+ Nxe6 24. dxe6 d5 25. Qg4 d4 26. Bg5 Qd6 27. Rac1 Rf5 28.
h4 h6 29. Bd2 Qxe6 30. b4 h5 31. Qg3 Be5 32. f4 Bd6 33. Rfe1 Qf6 34. bxc5 Bxc5
35. Re5 Bd6 36. Rxf5 Qxf5 37. Qb3+ Bd5 38. Qg3 Kh7 39. Re1 Qc2 40. Bc1 d3 41. f5
Bxg3 0-1

[Event "World Blitz 2015"]
[Site "Berlin GER"]
[Date "2015.10.13"]
[Round "1.81"]
[White "Carlstedt, Jonathan"]
[Black "Munoz Pantoja, Miguel"]
[Result "1-0"]
[WhiteTitle "IM"]
[BlackTitle "GM"]
[WhiteElo "2442"]
[BlackElo "2441"]
[WhiteFideId "24614386"]
[BlackFideId "3800229"]
[EventDate "2015.10.13"]

1. c4 c5 2. g3 Nc6 3. Bg2 g6 4. Nc3 Bg7 5. e3 e6 6. Nge2 Nge7 7. d4 d6 8. O-O
O-O 9. b3 e5 10. d5 Na5 11. Bb2 Bd7 12. f4 Nf5 13. Qd2 exf4 14. exf4 a6 15. Ne4
f6 16. Bc3 b6 17. Rae1 Nb7 18. h3 b5 19. Kh2 Nh6 20. g4 b4 21. Ba1 f5 22. Bxg7
Kxg7 23. Qb2+ Kg8 24. g5 fxe4 25. gxh6 Qf6 26. Qxf6 Rxf6 27. Ng3 Bf5 28. Bxe4
Kf7 29. Rg1 Bxe4 30. Nxe4 Rxf4 31. Ng5+ Kf8 32. Ne6+ Kg8 33. Nxf4 1-0

[Event "World Blitz 2015"]
[Site "Berlin GER"]
[Date "2015.10.13"]
[Round "1.82"]
[White "Stefansson, Hannes"]
[Black "Camacho Collados, Jose"]
[Result "1/2-1/2"]
[WhiteTitle "GM"]
[BlackTitle "IM"]
[WhiteElo "2602"]
[BlackElo "2383"]
[WhiteFideId "2300087"]
[BlackFideId "2265427"]
[EventDate "2015.10.13"]

1. d4 Nf6 2. c4 b6 3. Nc3 Bb7 4. d5 e6 5. a3 Bd6 6. g3 O-O 7. Bg2 c6 8. Nh3 cxd5
9. cxd5 Na6 10. O-O exd5 11. Nxd5 Nxd5 12. Bxd5 Bxd5 13. Qxd5 Qe7 14. Rd1 Bc7
15. Be3 Be5 16. Rab1 Nc5 17. Ng5 d6 18. Rd2 Bf6 19. Rbd1 h6 20. Nf3 Ne4 21. Rc2
Rac8 22. Rdc1 Rxc2 23. Rxc2 Nc5 24. b4 Ne6 25. Nd2 Qd7 26. Nc4 Rc8 27. Rd2 Be7 1/2-1/2

[Event "World Blitz 2015"]
[Site "Berlin GER"]
[Date "2015.10.13"]
[Round "1.83"]
[White "Kulon, Klaudia"]
[Black "Socko, Bartosz"]
[Result "0-1"]
[WhiteTitle "WGM"]
[BlackTitle "GM"]
[WhiteElo "2324"]
[BlackElo "2599"]
[WhiteFideId "1131044"]
[BlackFideId "1107038"]
[EventDate "2015.10.13"]

1. c4 Nf6 2. g3 e6 3. Bg2 d5 4. Nf3 dxc4 5. Qa4+ Nbd7 6. Qxc4 a6 7. Qc2 c5 8.
O-O b5 9. d4 Bb7 10. dxc5 Bxc5 11. Nc3 Rc8 12. a3 Qb6 13. e3 O-O 14. b4 Be7 15.
Bb2 Rc7 16. Qb3 Rfc8 17. Rad1 Nd5 18. Ne2 Bf6 19. Ned4 Nc3 20. Rd2 Bd5 21. Qc2
Ne2+ 22. Rxe2 Rxc2 23. Nxc2 Bxb2 24. Nfd4 Bc4 0-1